Missionary methods; St. Paul's or ours? (Record no. 7028)
[ view plain ]
| 000 -LEADER | |
|---|---|
| fixed length control field | 00530cam a22001811 4500 |
| 001 - CONTROL NUMBER | |
| control field | 6097054 |
| 005 - DATE AND TIME OF LATEST TRANSACTION | |
| control field | 20250717120632.0 |
| 008 - FIXED-LENGTH DATA ELEMENTS--GENERAL INFORMATION | |
| fixed length control field | 711112s1962 xx 000 0 eng |
| 050 00 - LIBRARY OF CONGRESS CALL NUMBER | |
| Classification number | BV2110 |
| Item number | .A5 1962 |
| 082 ## - DEWEY DECIMAL CLASSIFICATION NUMBER | |
| Classification number | 266 |
| 100 1# - MAIN ENTRY--PERSONAL NAME | |
| Personal name | Allen, Roland, |
| Dates associated with a name | 1869-1947. |
| 245 10 - TITLE STATEMENT | |
| Title | Missionary methods; St. Paul's or ours? |
| 260 ## - PUBLICATION, DISTRIBUTION, ETC. | |
| Place of publication, distribution, etc. | Grand Rapids, |
| Name of publisher, distributor, etc. | Eerdmans |
| Date of publication, distribution, etc. | [c1962] |
| 300 ## - PHYSICAL DESCRIPTION | |
| Extent | 179 p. |
| Dimensions | 22 cm. |
| 500 ## - GENERAL NOTE | |
| General note | Companion volume to the author's The spontaneous expansion of the church. |
| 650 #0 - SUBJECT ADDED ENTRY--TOPICAL TERM | |
| Topical term or geographic name entry element | Missions. |
| 942 ## - ADDED ENTRY ELEMENTS (KOHA) | |
| Source of classification or shelving scheme | Library of Congress Classification |
| Koha item type | Books |
| Suppress in OPAC | No |
| 999 ## - | |
| -- | 7028 |
| -- | 7028 |
| Withdrawn status | Lost status | Source of classification or shelving scheme | Damaged status | Not for loan | Collection | Home library | Current library | Date acquired | Total checkouts | Full call number | Barcode | Date last seen | Copy number | Price effective from | Koha item type |
|---|---|---|---|---|---|---|---|---|---|---|---|---|---|---|---|
| Library of Congress Classification | Non-fiction | Undergraduate Library (Christ Temple) | Undergraduate Library (Christ Temple) | 07/17/2025 | BS2851 ALL | ulct00003930 | 07/17/2025 | 1 | 07/17/2025 | Books |